Salò o le 120 giornate di Sodoma /
Kaydedildi:
| Diğer Yazarlar: | , , , , |
|---|---|
| Materyal Türü: | |
| Dil: | İtalyanca |
| Baskı/Yayın Bilgisi: |
[Roma! :
De Laurentiis Ricordi video,
c1988
|
| Seri Bilgileri: | Ciak cine
|
| Etiketler: |
Etiket eklenmemiş, İlk siz ekleyin!
|
MARC
| LEADER | 00000ngm a22000007i 4500 | ||
|---|---|---|---|
| 001 | IT\ICCU\LO1\0925603 | ||
| 003 | ItRI | ||
| 005 | 20260124182805.0 | ||
| 008 | 050518s1988 it |||||||||||||||k|||||c | ||
| 028 | 4 | 2 | |a EC542 |
| 040 | |b ita | ||
| 041 | 7 | |a ita |2 ISO-639-2 | |
| 245 | 0 | 0 | |a Salò o le 120 giornate di Sodoma / |c regia di Pier Paolo Pasolini. |
| 260 | |a [Roma! : |b De Laurentiis Ricordi video, |c c1988 | ||
| 300 | |a 1 videocassetta (VHS) (112 min.) : |b col., son | ||
| 500 | |a Interpreti: Paolo Bonacelli, Giorgio Cataldi, Umberto P. Quintavalle, Aldo Valletti | ||
| 500 | |a Ripr. del film del 1975, prod. Italia, Francia | ||
| 500 | |a Vietato ai minori di 18 anni. | ||
| 700 | 1 | |a Pasolini, Pier Paolo |0 IT\ICCU\CFIV\001068 | |
| 700 | 1 | |a Cataldi, Giorgio |0 IT\ICCU\CFIV\086703 | |
| 700 | 1 | |a Quintavalle, Uberto Paolo |0 IT\ICCU\RAVV\030492 | |
| 700 | 1 | |a Bonacelli, Paolo |0 IT\ICCU\RAVV\089346 | |
| 700 | 1 | |a Valletti, Aldo |0 IT\ICCU\RAVV\089349 | |
| 790 | 1 | |a Quintavalle, Uberto |3 IT\ICCU\CFIV\120528 |z Quintavalle, Uberto Paolo | |
| 790 | 1 | |a Quintavalle, Umberto P. |3 IT\ICCU\SBNV\006106 |z Quintavalle, Uberto Paolo | |
| 830 | 0 | |a Ciak cine |0 IT\ICCU\LO1\0925581 | |
| 942 | |2 ddc |c VM |n 0 | ||
| 952 | |0 0 |1 0 |4 0 |6 VO_122_000000000000000 |7 0 |9 26321 |a BO |b BO |d 2026-01-24 |i 6320 |l 0 |o VO 122 |p BO6320 |r 2026-01-24 18:28:05 |w 2026-01-24 |x [Sebina 5] [1 videocassetta] |y VM |z 1 videocassetta | ||
| 999 | |c 22241 |d 22241 | ||